000 00473nam a22001457a 4500
003 MACL
005 20170622125626.0
008 170622b xxu||||| |||| 00| 0 eng d
040 _cMACL
100 _aगर्ग, डॉ. सी. एन.
_967735
245 _aयाेगासन और स्‍वास्‍थ्‍य
260 _aदिल्‍ली
_bनवसाक्षर प्रकाशन
_c2015
650 _aयोग
_936752
942 _2ddc
_cHIN
999 _c56627
_d56627